| 000 | 00902cam a2200229 4500 | ||
|---|---|---|---|
| 008 | 000000n2000 000 0 eng u | ||
| 020 | _a063205543X | ||
| 035 | _a(Sirsi) u109835 | ||
| 050 | _a690.1 | ||
| 100 | _aBarry, R. | ||
| 245 | _aConstruction of buildings. Volume 4. Multi-storey buildings, foundations and substructures, structural steel frames, floors and roofs, concrete, concrete structural frames, walls and caldding of framed buildings. | ||
| 260 |
_aOxford _bBlackwell Science _c2000 |
||
| 300 | _aviii, 232p. ; 27cm. | ||
| 350 | _a17.99 | ||
| 650 | _aBUILT ENVIRONMENT-CONSTRUCTION DESIGN | ||
| 650 | _aSTRUCTURES | ||
| 650 | _aCONCRETE | ||
| 650 | _aBUILT ENVIRONMENT-BUILDING ELEMENTS-COMPLETE BUILDING ELEMENTS-FLOORS | ||
| 650 | _aBUILT ENVIRONMENT-BUILDING ELEMENTS-COMPLETE BUILDING ELEMENTS-ROOFS | ||
| 690 | _aBUILT ENVIRONMENT-CONSTRUCTION DESIGN | ||
| 942 | _n0 | ||
| 999 |
_c101003 _d101003 |
||